المزارات الاسلامية والاثار العربية فى مصر والقاهرة المعزية / (Record no. 65332)
[ view plain ]
| 000 -الفاتح | |
|---|---|
| حقل البيانات ثابتة الطول | 02540nam a22003377a 4500 |
| 005 - وقت وتاريخ اخر تعامل مع التسجيلة | |
| رقم الضبط | 20240530110819.0 |
| 008 - عناصر البيانات ثابتة الطول - معلومات عامة | |
| حقل البيانات ثابتة الطول | 190709s2018 ua afh f b 000 0 ara d |
| 017 ## - رقم الايداع القانونى | |
| رقم الايداع القانونى | 2017/13493 |
| المصدر ( الهيئة المختصة) | مصر. دار الكتب |
| 020 ## - الرقم الدولى المعيارى للكتب | |
| الرقم الدولى المعيارى للكتاب | 9789774524322 |
| 040 ## - مصدر الفهرسة | |
| وكالة الفهرسة الأصلية | EG-CaGPL |
| وكالة النسخ | EG-CaGPL |
| 082 04 - رقم تصنيف ديوى العشرى | |
| رقم الطبعة | 21 |
| رقم التصنيف | 726.2/ |
| رقم المادة | ق/ح م |
| 100 0# - المدخل الرئيسى - إسم شخصى | |
| الإسم الشخصى | حسين قاسم |
| 245 12 - بيان العنوان | |
| العنوان | المزارات الاسلامية والاثار العربية فى مصر والقاهرة المعزية / |
| بيان المسئوليه,etc | تاليف حسين قاسم ؛ تصدير على جمعة ؛ تقديم مصطفى الفقى ؛ اللجنة العلمية خالد عزب، محمد الجمل |
| 260 ## - PUBLICATION, DISTRIBUTION, ETC. (IMPRINT) | |
| تاريخ النشر أو التوزيع | 2018. |
| 300 ## - الوصف المادى | |
| التعداد | 8 جزء : |
| تفاصيل ماديه اخرى للوعاء | ايض ؛ |
| أبعاد الوعاء | 32 سم. |
| 490 0# - بيان السلسلة | |
| عنوان السلسلة | سلسلة دراسات فى الحضارة الاسلامية. |
| 500 ## - تبصرة عامة | |
| تبصرة عامة | الجزء الاول، مقدمة فى تاريخ العمارة الاسلامية -- الجزء الثانى، المزارات الاسلامية من القرن الاول حتى منتصف القرن السادس الهجرى -- الجزء الثالث، مدارس القاهرة ودور العلم ومزرارات القرنين السابع والثامن الهجريين -- الجزء الرابع، المزرارات الاسلامية فى القرنين التاسع والعاشر الهجريين ومزارات جنوب وشرق القاهرة -- الجزء الخامس، المزرارات الاسلامية من القرن العاشر الى اواسط القرن الثانى عشر الهجرى وضرائح العظماء والصلحاء -- الجزء السادس، الخطط الرئيسية لمدنتى القاهرة والفسطاط والمذكرات والنصوص التاريخية -- الجزء السادس، مشاهد الاشراف والمساجد النسوية والحديثة المستجدة -- الجزء الثامن، الملاحق |
| 504 ## - تبصرة ببليوجرافية | |
| تبصرة ببليوجرافية,الخ | يشتمل على ارجاعات ببليوجرافية |
| 650 ## - المدخل الاضافى بالموضوع-مصطلح موضوعى | |
| مصدر الرأس أو المصطلح | qrmak |
| مصطلح موضوعي | العمارة الاسلامية |
| 650 ## - المدخل الاضافى بالموضوع-مصطلح موضوعى | |
| مصدر الرأس أو المصطلح | qrmak |
| مصطلح موضوعي | المساجد |
| 650 ## - المدخل الاضافى بالموضوع-مصطلح موضوعى | |
| مصدر الرأس أو المصطلح | qrmak |
| مصطلح موضوعي | الاثار الاسلامية |
| 650 ## - المدخل الاضافى بالموضوع-مصطلح موضوعى | |
| مصدر الرأس أو المصطلح | qrmak |
| مصطلح موضوعي | الماذن |
| 650 ## - المدخل الاضافى بالموضوع-مصطلح موضوعى | |
| مصدر الرأس أو المصطلح | qrmak |
| مصطلح موضوعي | المساجد |
| التقسيم الفرعي الجغرافي | مصر |
| 651 ## - المدخل الاضافى بالموضوع - اسم جغرافى | |
| مصدر الرأس أو المصطلح | qrmak |
| 700 0# - المدخل الاضافى - اسم شخصى | |
| الإسم الشخصى | على جمعة |
| الدور | مصدر |
| 700 0# - المدخل الاضافى - اسم شخصى | |
| الإسم الشخصى | مصطفى الفقى |
| الدور | مقدم |
| 700 0# - المدخل الاضافى - اسم شخصى | |
| الإسم الشخصى | خالد عزب |
| الدور | لجنة علمية |
| 700 0# - المدخل الاضافى - اسم شخصى | |
| الإسم الشخصى | محمد الجمل |
| الدور | لجنة علمية |
| 942 ## - عناصر المدخل الإضافي( كوها) | |
| مصدر التصنيف او مخطط الترفيف | Dewey Decimal Classification |
| Koha [default] item type | كتاب |
| 260 ## - PUBLICATION, DISTRIBUTION, ETC. (IMPRINT) | |
| -- | الاسكندرية : |
| -- | مكتبة الاسكندرية، |
| حالة التراجع | حالة الفقد | حالة تلف | ليس للاعارة | المكان المؤقت | الموقع الحالى | موقع الترفيف | تاريخ الاكتساب | اجمالي اﻻعارات | رقم الطلب | الباركود | تاريخ اخر مشاهدة | تاريخ تفعيل السعر | نوع وعاء كوها |
|---|---|---|---|---|---|---|---|---|---|---|---|---|---|
| مكتبة القاهرة الكبرى | مكتبة القاهرة الكبرى | 07/09/2019 | 726.2/ ق/ح م | 166057 | 07/09/2019 | 07/09/2019 | كتاب | ||||||
| مكتبة القاهرة الكبرى | مكتبة القاهرة الكبرى | 07/09/2019 | 726.2/ ق/ح م | 166058 | 07/09/2019 | 07/09/2019 | كتاب | ||||||
| مكتبة القاهرة الكبرى | مكتبة القاهرة الكبرى | 07/09/2019 | 726.2/ ق/ح م | 166059 | 07/09/2019 | 07/09/2019 | كتاب | ||||||
| مكتبة القاهرة الكبرى | مكتبة القاهرة الكبرى | 07/09/2019 | 726.2/ ق/ح م | 166060 | 07/09/2019 | 07/09/2019 | كتاب | ||||||
| مكتبة القاهرة الكبرى | مكتبة القاهرة الكبرى | 07/09/2019 | 726.2/ ق/ح م | 166061 | 07/09/2019 | 07/09/2019 | كتاب | ||||||
| مكتبة القاهرة الكبرى | مكتبة القاهرة الكبرى | 07/09/2019 | 726.2/ ق/ح م | 166062 | 07/09/2019 | 07/09/2019 | كتاب | ||||||
| مكتبة القاهرة الكبرى | مكتبة القاهرة الكبرى | 07/09/2019 | 726.2/ ق/ح م | 166063 | 07/09/2019 | 07/09/2019 | كتاب | ||||||
| مكتبة القاهرة الكبرى | مكتبة القاهرة الكبرى | 07/09/2019 | 726.2/ ق/ح م | 166064 | 07/09/2019 | 07/09/2019 | كتاب |

